[Event "AUTO-MASTER-940"]
[Site "http://www.queenalice.com/game.php?id=673193"]
[Date "2009.10.27"]
[Round "1"]
[White "raymundo"]
[Black "MrDom"]
[Result "0-1"]
[WhiteElo "1755"]
[BlackElo "2081"]

1. c4 e5 2. Nc3 Nc6 3. g3 Nf6 4. Bg2 Bb4 5. Nf3 O-O 6. O-O d6 7. Qc2 Bg4 8. Re1
Ba5 9. a3 Qd7 10. b4 Bb6 11. Ng5 Nd4 12. Qb1 c6 13. b5 h6 14. Nf3 Nxf3+ 15. exf3
Be6 16. bxc6 Qxc6 17. f4 Qxc4 18. Bxb7 Rab8 19. Bg2 Bxf2+ 20. Kxf2 Rxb1 21. Rxb1
Ng4+ 22. Kg1 Qd4+ 23. Re3 Nxe3 24. dxe3 Qxc3 0-1

[Event "AUTO-MASTER-940"]
[Site "http://www.queenalice.com/game.php?id=673194"]
[Date "2009.10.27"]
[Round "1"]
[White "MrDom"]
[Black "zolaweed"]
[Result "0-1"]
[WhiteElo "2066"]
[BlackElo "1987"]

1. e4 c5 2. Nf3 Nc6 3. d4 cxd4 4. Nxd4 e5 5. Nxc6 bxc6 6. Qh5 Qc7 7. Bc4 g6 8.
Qe2 Bg7 9. O-O Nf6 10. Be3 Nxe4 11. Bd3 Nf6 12. Nc3 O-O 13. Ne4 d5 14. Nxf6+
Bxf6 15. c3 e4 16. Bc2 a5 17. Rfd1 Ba6 18. Qd2 Be5 19. h3 Bb7 20. Bc5 Rfe8 21.
b3 Ba6 22. g3 Qd7 23. Rab1 Qxh3 24. Re1 Bc8 25. Bd1 Bf5 26. Qe3 Bg7 27. Rb2 Bh6
28. Qe2 e3 29. Qf1 Qxf1+ 30. Rxf1 Bd3 0-1

[Event "AUTO-MASTER-940"]
[Site "http://www.queenalice.com/game.php?id=673195"]
[Date "2009.10.27"]
[Round "1"]
[White "zolaweed"]
[Black "MrDom"]
[Result "0-1"]
[WhiteElo "2052"]
[BlackElo "1998"]

1. e4 c5 2. Bc4 Nf6 3. e5 d5 4. Bb5+ Bd7 5. a4 Bxb5 6. axb5 Nfd7 7. Nf3 Qb6 8.
Na3 e6 9. d3 Be7 10. c4 O-O 11. O-O a6 12. Nc2 Ra7 13. Na3 axb5 14. cxb5 f6 15.
Bf4 fxe5 16. Nxe5 Rxf4 0-1

[Event "AUTO-MASTER-940"]
[Site "http://www.queenalice.com/game.php?id=673196"]
[Date "2009.10.27"]
[Round "1"]
[White "MrDom"]
[Black "HILITO"]
[Result "1-0"]
[WhiteElo "2033"]
[BlackElo "2132"]

1. e4 c6 2. d4 d5 3. e5 Bf5 4. Nf3 e6 5. Bf4 Nd7 6. Nbd2 Ne7 7. c3 c5 8. Bb5 Nc6
9. Qa4 Qb6 10. O-O Be7 11. Rac1 c4 12. b3 a6 13. bxc4 O-O 14. Bxc6 bxc6 15. Bg5
Bxg5 16. Nxg5 h6 17. Ngf3 a5 18. h3 Rfb8 19. cxd5 exd5 20. c4 Qb4 21. Qxc6 dxc4
22. Rxc4 Qa3 23. g4 1-0

[Event "AUTO-MASTER-940"]
[Site "http://www.queenalice.com/game.php?id=673197"]
[Date "2009.10.27"]
[Round "1"]
[White "HILITO"]
[Black "MrDom"]
[Result "0-1"]
[WhiteElo "2099"]
[BlackElo "2053"]

1. e4 e6 2. d4 d5 3. Nd2 c5 4. c3 cxd4 5. cxd4 dxe4 6. Nxe4 Bb4+ 7. Nc3 Nf6 8.
Nf3 Ne4 9. Bd2 Nxd2 10. Qxd2 Nc6 11. Bb5 h6 12. Ne5 Bd7 13. Nxd7 Qxd7 14. O-O
O-O 15. a3 Bd6 16. Rfe1 Rfd8 17. Kh1 Bc7 18. Ne4 Qxd4 19. Qc2 Qe5 20. Ng3 Qxb5
21. b4 Bxg3 22. hxg3 Nd4 23. Qe4 f5 24. Qh4 Nc2 25. Rad1 Nxe1 26. Rxd8+ Rxd8 27.
Qxd8+ Kh7 28. Qd2 Qf1+ 0-1

[Event "2º Torneio Novo"]
[Site "http://www.queenalice.com/game.php?id=687420"]
[Date "2009.11.23"]
[Round "2"]
[White "MrDom"]
[Black "erivaldoadao"]
[Result "1-0"]
[WhiteElo "2061"]
[BlackElo "1793"]

1. d4 d5 2. e3 Nc6 3. Nf3 Bg4 4. c4 Nf6 5. cxd5 Nxd5 6. Qb3 Bxf3 7. gxf3 Rb8 8.
Bc4 Na5 9. Qb5+ Nc6 10. Bxd5 e6 11. Bxc6+ bxc6 12. Qxc6+ Qd7 13. Qxd7+ Kxd7 14.
b3 Bb4+ 15. Bd2 Bxd2+ 16. Nxd2 f6 17. Rg1 Rhc8 18. Rxg7+ Kd6 19. Rxh7 Rg8 20.
Ne4+ Kc6 21. Ke2 f5 22. Rc1+ Kb6 23. Ng3 Rbc8 24. e4 f4 25. Nh5 Rgf8 26. Re7 1-0

[Event "somar96"]
[Site "http://www.queenalice.com/game.php?id=715123"]
[Date "2010.1.17"]
[Round "1"]
[White "technicaldraw"]
[Black "MrDom"]
[Result "1-0"]
[WhiteElo "2021"]
[BlackElo "2065"]

1. e4 e6 2. d4 d5 3. Nc3 c5 4. exd5 exd5 5. Nf3 cxd4 6. Nxd4 Bb4 7. Bb5+ Bd7 8.
O-O Ne7 9. Bxd7+ Qxd7 10. Nce2 O-O 11. c3 Ba5 12. Ng3 Nbc6 13. Be3 Bc7 14. Qc2
Rfe8 15. Rfe1 1-0

[Event "MrDom"]
[Site "http://www.queenalice.com/game.php?id=716080"]
[Date "2010.1.18"]
[Round "1"]
[White "MrDom"]
[Black "LUKK22"]
[Result "0-1"]
[WhiteElo "2047"]
[BlackElo "2300"]

1. d4 d6 2. Nf3 g6 3. e4 Bg7 4. Nc3 Nf6 5. Bd3 O-O 6. Be3 Na6 7. h3 c5 8. Bxa6
cxd4 9. Bxd4 bxa6 10. Qd3 Qa5 0-1

[Event "Challenge"]
[Site "http://www.queenalice.com/game.php?id=722839"]
[Date "2010.1.30"]
[Round "-"]
[White "MrDom"]
[Black "odairsmj"]
[Result "0-1"]
[WhiteElo "1869"]
[BlackElo "1943"]

1. g3 d5 2. d4 c6 3. Bg2 g6 4. Nf3 Bg7 5. O-O Nf6 6. b3 O-O 7. c4 Bf5 8. Nc3 a6
9. Be3 Re8 10. Ne5 Ng4 11. Nxg4 Bxg4 12. cxd5 cxd5 13. Nxd5 Nc6 14. Qd2 Rb8 15.
Rfd1 e6 16. Nc3 Qd7 17. f3 Bf5 18. g4 Bc2 19. Qxc2 Nxd4 20. Bxd4 Bxd4+ 0-1

[Event "Challenge"]
[Site "http://www.queenalice.com/game.php?id=722840"]
[Date "2010.1.30"]
[Round "-"]
[White "odairsmj"]
[Black "MrDom"]
[Result "1-0"]
[WhiteElo "1953"]
[BlackElo "1882"]

1. e4 c5 2. Nf3 e6 3. Nc3 Nc6 4. Bb5 d5 5. Bxc6+ bxc6 6. e5 Ba6 7. d3 Qa5 8. O-O
c4 9. d4 c5 10. a3 Rb8 11. Re1 Ne7 12. dxc5 Qxc5 13. Be3 Qc7 14. b4 cxb3 15. Na4
bxc2 16. Qd2 Nf5 17. Rac1 Rc8 18. Ra1 Qc4 19. Nb2 Qc6 20. Nd4 1-0

[Event "2º Torneio Novo"]
[Site "http://www.queenalice.com/game.php?id=725490"]
[Date "2010.2.3"]
[Round "3"]
[White "polly"]
[Black "MrDom"]
[Result "0-1"]
[WhiteElo "1629"]
[BlackElo "1981"]

1. e4 e5 2. Nf3 Nf6 3. Nc3 Bb4 4. Bc4 d6 5. d3 Nc6 6. Be3 Bg4 7. h3 Bxf3 8. Qxf3
Nd4 9. Bxd4 exd4 10. O-O dxc3 11. bxc3 Bxc3 12. Rab1 Rb8 13. Qg3 O-O 14. Rb3 Be5
15. Qf3 Qe7 16. Re1 c6 17. Rbb1 b5 18. Bb3 a5 19. a4 Rb6 20. Qe3 Rfb8 21. d4
bxa4 22. Ba2 Rxb1 23. dxe5 Rxe1+ 24. Qxe1 Qxe5 25. f3 Qb2 26. Bc4 Qxc2 27. Bf1
Qc5+ 28. Qf2 Qxf2+ 29. Kxf2 a3 0-1

[Event "AUTO-ADV-1507"]
[Site "http://www.queenalice.com/game.php?id=731928"]
[Date "2010.2.14"]
[Round "2"]
[White "MrDom"]
[Black "vult0"]
[Result "0-1"]
[WhiteElo "2013"]
[BlackElo "1757"]

1. d4 d5 2. Nf3 Nc6 3. e3 Nf6 4. c4 e6 5. Nc3 Bb4 6. Bd2 h6 7. Bd3 O-O 8. Qc2
Ne7 9. O-O Ng6 10. Bxg6 fxg6 0-1

[Event "AUTO-OPEN-1710"]
[Site "http://www.queenalice.com/game.php?id=781574"]
[Date "2010.5.27"]
[Round "2"]
[White "MrDom"]
[Black "Giant"]
[Result "0-1"]
[WhiteElo "1904"]
[BlackElo "2172"]

1. d4 f5 2. c4 Nf6 3. Nc3 e6 4. Bg5 Be7 5. e3 O-O 6. Bd3 c6 7. Nf3 d6 8. O-O h6
9. Bh4 Bd7 10. h3 Nh5 11. Bxe7 Qxe7 0-1

[Event "AUTO-OPEN-1710"]
[Site "http://www.queenalice.com/game.php?id=781575"]
[Date "2010.5.27"]
[Round "2"]
[White "Giant"]
[Black "MrDom"]
[Result "1-0"]
[WhiteElo "2159"]
[BlackElo "1910"]

1. e4 c5 2. Nf3 Nc6 3. Bc4 e6 4. O-O d5 5. exd5 exd5 6. Re1+ Be6 7. Bb5 Ne7 8.
c3 a6 9. Ba4 b5 10. Bc2 Bg4 11. h3 1-0

[Event "AUTO-ADV-1505"]
[Site "http://www.queenalice.com/game.php?id=788380"]
[Date "2010.6.11"]
[Round "2"]
[White "yvanalfieri"]
[Black "MrDom"]
[Result "1-0"]
[WhiteElo "1865"]
[BlackElo "1899"]

1. e4 e6 2. d4 d5 3. Nc3 Bb4 4. e5 c5 5. a3 cxd4 6. Qxd4 Nc6 7. Bb5 Bxc3+ 8.
Qxc3 Bd7 9. Bxc6 Bxc6 10. Nf3 Ne7 11. Bg5 h6 12. Bh4 1-0